00433nam a2200121Ia 4500008004100000020002800041050002100069100003500090245005600125260004100181300002000222500006900242120721s9999 xx 000 0 und d a970-640-024-9 (tomo II) aPQ7297 G635 1995 aGonzález Martínez, Enrique aObras : poesía II / Enrique González Martínez aMéxico : El Colegio Nacional, 1995 a922 p. ; 28 cm. aNueva edición El Colegio Nacional 1995: Armando Cámara R.Ì